| 000 | 00774nac a22002171u 4500 | ||
|---|---|---|---|
| 010 | _a 00061110 | ||
| 020 | _a0275971317 (v. 1 : alk. paper) | ||
| 020 | _a0275971910 (v. 2) | ||
| 082 | 0 | 0 |
_a304.609 _bHAR |
| 090 |
_c9397 _d9397 |
||
| 100 | _aHarris, P. M. G. | ||
| 245 | 1 | 4 |
_aThe history of human populations / _cP.M.G. Harris. |
| 260 |
_aWestport, Conn. : _bPraeger,2001 _c2001 |
||
| 300 |
_a439 p.: _bill. ; _c25 cm. |
||
| 500 | _adistributer: Al-Ahram | ||
| 504 | _aIncludes bibliographical references and index. | ||
| 505 | 1 | _av. 1. Forms of growth and decline -- v. 2. Migration, urbanization, and structural change -- | |
| 511 | _acatalogued by: wessam | ||
| 650 | 0 |
_aPopulation _xHistory. |
|
| 942 |
_cBB _k304.609HAR |
||
| 999 |
_c9397 _d9397 |
||